BIBLIOTECA

SENCICO

Calidad global : la nueva cultura de la administración (Registro nro. 1563)

Detalles MARC
000 -LEADER
fixed length control field 00793nam a2200241Ia 4500
005 - DATE AND TIME OF LATEST TRANSACTION
control field 20251020182515.0
008 - FIXED-LENGTH DATA ELEMENTS--GENERAL INFORMATION
fixed length control field 200515s9999 xx 000 0 und d
020 ## - INTERNATIONAL STANDARD BOOK NUMBER
International Standard Book Number 968-38-033-7
082 ## - DEWEY DECIMAL CLASSIFICATION NUMBER
Classification number 658.56/Mc12
100 ## - MAIN ENTRY--PERSONAL NAME
Personal name MacDonald, John
100 ## - MAIN ENTRY--PERSONAL NAME
Personal name Piggott, John
245 #0 - TITLE STATEMENT
Title Calidad global : la nueva cultura de la administración
260 ## - PUBLICATION, DISTRIBUTION, ETC.
Place of publication, distribution, etc. México, D.F.
260 ## - PUBLICATION, DISTRIBUTION, ETC.
Name of publisher, distributor, etc. Panorama Editorial
260 ## - PUBLICATION, DISTRIBUTION, ETC.
Date of publication, distribution, etc. 1993
300 ## - PHYSICAL DESCRIPTION
Other physical details il., tbls
500 ## - GENERAL NOTE
General note 1 ejemplar
520 ## - SUMMARY, ETC.
Summary, etc. Diseñado para ayudar a directores y gerentes de los sectores privado y público que estén interesados en la calidad total y en el éxito futuro de sus organizaciones en un marco de apertura comercial mundial
650 ## - SUBJECT ADDED ENTRY--TOPICAL TERM
Topical term or geographic name entry element ADMINISTRACION
650 ## - SUBJECT ADDED ENTRY--TOPICAL TERM
Topical term or geographic name entry element CALIDAD TOTAL
942 ## - ADDED ENTRY ELEMENTS (KOHA)
Koha item type Libros
Existencias
Fecha de la última vez que lo usaron Pago total Signatura topográfica completa Código de barras Precio efectivo desde Tipo de documento Estado perdido Estado dañado No es para préstamo Retirado Ubicación permanente Ubicación actual Fecha de adquisición
15/05/2020   658.56/Mc12 Bib-Lima15051563 15/05/2020 Libros         Biblioteca Central Lima Biblioteca Central Lima 15/05/2020